书目信息 |
| 题名: |
工程地质
|
|
| 作者: | 孙家齐 主编 | |
| 分册: | ||
| 出版信息: | 武汉 武汉工业大学出版社 2003.06 |
|
| 页数: | 165页, [2] 页图版 | |
| 开本: | 30cm | |
| 丛书名: | 普通高等学校土木工程专业新编系列教材 | |
| 单 册: | ||
| 中图分类: | P642 | |
| 科图分类: | ||
| 主题词: | 工程地质--gong cheng di zhi--高等学校--教材 | |
| 电子资源: | ||
| ISBN: | 7-5629-1943-7 | |
| 000 | 01079nam 2200265 450 | |
| 001 | 012006612109 | |
| 005 | 20070611150941.31 | |
| 010 | @a7-5629-1943-7@dCNY17.00 | |
| 100 | @a20061209d2003 km y0chiy0120 ea | |
| 101 | 0 | @achi |
| 102 | @aCN@b420000 | |
| 105 | @aaf a 000yy | |
| 200 | 1 | @a工程地质@Agong cheng di zhi@f孙家齐主编@Fsun jia qi zhu bian |
| 205 | @a第2版 | |
| 210 | @a武汉@c武汉工业大学出版社@d2003.06 | |
| 215 | @a165页, [2] 页图版@c图@d30cm | |
| 225 | 2 | @a普通高等学校土木工程专业新编系列教材@Apu tong gao deng xue xiao tu mu gong cheng zhuan ye xin bian xi lie jiao cai |
| 320 | @a有书目 (第164-165页)。 | |
| 330 | @a本书系统地介绍了工程地质学基本原理和勘察、测试技术,包括岩土的物质组成及其工程地质分类;地质构造及工程地质评价;地下水、河流、海岸带、岩溶、边坡、风化等地质作用的基本规律与灾害防治以及工程地质勘察等。 | |
| 410 | 0 | @12001 @a普通高等学校土木工程专业新编系列教材 |
| 606 | 0 | @a工程地质@Agong cheng di zhi@x高等学校@j教材 |
| 690 | @aP642@v4 | |
| 701 | 0 | @a孙家齐@Asun jia qi@4主编 |
| 801 | 0 | @aCN@c20070611 |
| 905 | @a10447@dP642@eS925 | |
| 工程地质/孙家齐主编.-第2版.-武汉:武汉工业大学出版社,2003.06 |
| 165页, [2] 页图版:图;30cm.-(普通高等学校土木工程专业新编系列教材) |
| ISBN 7-5629-1943-7:CNY17.00 |
| 本书系统地介绍了工程地质学基本原理和勘察、测试技术,包括岩土的物质组成及其工程地质分类;地质构造及工程地质评价;地下水、河流、海岸带、岩溶、边坡、风化等地质作用的基本规律与灾害防治以及工程地质勘察等。 |
| ● |
| 相关链接 |
|
|
|
正题名:工程地质
索取号:P642/S925
 
预约/预借
| 序号 | 登录号 | 条形码 | 馆藏地/架位号 | 状态 | 备注 |
| 1 | 231376 | 202313763 | 自科库401/401自科库 133排1列6层/ [索取号:P642/S925] | 在馆 | |
| 2 | 231377 | 202313772 | 期刊室512/401自科库 128排2列5层/ [索取号:P642/S925] | 在馆 | |
| 3 | 231378 | 202313781 | 自科库401/401自科库 133排1列6层/ [索取号:P642/S925] | 在馆 |